Normal view MARC view
  • Dorje O.T.; Derris K. (Editor); Finnegan D.D. (Editor) & Finnegan D.D. (Translator)

Entry Personal Name

Number of records used in: 1

001 - CONTROL NUMBER

  • control field: 200075

003 - CONTROL NUMBER IDENTIFIER

  • control field: OSt

005 - DATE AND TIME OF LATEST TRANSACTION

  • control field: 20230714215858.0

008 - FIXED-LENGTH DATA ELEMENTS

  • fixed length control field: 230714|| aca||aabn | a|a d

040 ## - CATALOGING SOURCE

  • Original cataloging agency: OSt
  • Transcribing agency: OSt

100 ## - HEADING--PERSONAL NAME

  • Personal name: Dorje O.T.; Derris K. (Editor); Finnegan D.D. (Editor) & Finnegan D.D. (Translator)

670 ## - SOURCE DATA FOUND

  • Source citation: Work cat.: (OSt)220363: Dorje O.T. 200074, Interconnected, 2017